Costa Rica: expectativas sobre posible referéndum contra CAFTA

Na minha lista:
Detalhes bibliográficos
Formato: Texto
Assuntos:
Tags: Adicionar Tag
Sem tags, seja o primeiro a adicionar uma tag!

MARC

LEADER 00000 a a2200000 04500
001 6811
003
040
245 |a Costa Rica:   |b expectativas sobre posible referéndum contra CAFTA  
650 |a DEMOCRACIA  
650 |a PARTICIPACION POLITICA  
650 |a COSTA RICA  
773 |g volumen 27, número 1238; páginas 10-11  
999 |c 37371  |d 37371